00899cam a2200253 a 4500001000800000005001700008008004100025020003200066020002100098040001800119082001900137100001800156245008200174260003900256300001700295490002600312650001800338650002200356650001200378856006100390856006800451856006000519856006600579159914820240214044758.0941109s1995 nyu b 001 0 eng  a0898628512 (acidfree paper) a1572301457 (pbk) aDLCcDLCdDLC00a320.220bSTE.1 aBest, Steven.14aThe politics of historical vision :bMarx, Foucault, Habermas /cSteven Best. aNew York :bGuilford Press,c1995. axx, 294 p. ;1 aCritical perspectives 0aPostmodernism 0aPolitical science 0aHistory42uhttp://www.loc.gov/catdir/bios/guilford051/94044894.html42uhttp://www.loc.gov/catdir/description/guilford051/94044894.html41uhttp://www.loc.gov/catdir/toc/guilford041/94044894.html41uhttp://www.loc.gov/catdir/enhancements/fy0651/94044894-s.html